Comparative political system/ (Record no. 11779)

MARC details
000 -LEADER
fixed length control field 00550nam a22002057a 4500
005 - DATE AND TIME OF LATEST TRANSACTION
control field 20260515115019.0
008 - FIXED-LENGTH DATA ELEMENTS--GENERAL INFORMATION
fixed length control field 240506b |||||||| |||| 00| 0 eng d
020 ## - INTERNATIONAL STANDARD BOOK NUMBER
International Standard Book Number 9789385756269
040 ## - CATALOGING SOURCE
Original cataloging agency IN-DiNC
Transcribing agency IN-DiNC
041 ## - LANGUAGE CODE
Language code of sung or spoken text eng
082 ## - DEWEY DECIMAL CLASSIFICATION NUMBER
Classification number 320.3
Item number LOD
100 ## - MAIN ENTRY--PERSONAL NAME
Personal name Lod, Aruna Gyati
Relator term author
245 ## - TITLE STATEMENT
Title Comparative political system/
Statement of responsibility, etc. by Aruna Gyati Lod
250 ## - EDITION STATEMENT
Edition statement 1st ed.
260 ## - PUBLICATION, DISTRIBUTION, ETC.
Place of publication, distribution, etc. Meerut:
Name of publisher, distributor, etc. Balaji publishers,
Date of publication, distribution, etc. 2018.
300 ## - PHYSICAL DESCRIPTION
Extent v, 284p.
650 ## - SUBJECT ADDED ENTRY--TOPICAL TERM
Topical term or geographic name entry element Forms of government
650 ## - SUBJECT ADDED ENTRY--TOPICAL TERM
Topical term or geographic name entry element Political structure
942 ## - ADDED ENTRY ELEMENTS (KOHA)
Source of classification or shelving scheme Dewey Decimal Classification
Koha item type Books
Holdings
Withdrawn status Lost status Source of classification or shelving scheme Damaged status Not for loan Collection Home library Current library Shelving location Date acquired Cost, normal purchase price Total checkouts Full call number Barcode Date last seen Date last checked out Copy number Price effective from Koha item type
    Dewey Decimal Classification       Naharkatiya College Library Naharkatiya College Library General stacks 05/06/2024 895.00 2 320.3 LOD 29977 04/30/2026 04/30/2026 1 05/06/2024 Books